Χαλκιδική : χωροταξική μελέτη : γ' φάση οριστική μελέτη
Αποθηκεύτηκε σε:
| Συλλογικό Έργο: | , |
|---|---|
| Μορφή: | Βιβλίο |
| Γλώσσα: | Greek |
| Δημοσίευση: |
Αθήνα :
Υπουργείο Συντονισμού και Προγραμματισμού,
|
| Σειρά: | Χωροταξικό σχέδιο και πρόγραμμα ;
; 8 |
| Θέματα: | |
| Ετικέτες: |
Προσθήκη ετικέτας
Δεν υπάρχουν, Καταχωρήστε ετικέτα πρώτοι!
|
MARC
| LEADER | 00000cam a2200000 i 4500 | ||
|---|---|---|---|
| 001 | 1/92062 | ||
| 008 | 950308s1972 gre d | ||
| 035 | |l 10008304 | ||
| 040 | |a GR-MY-UA |b gre |e aacr | ||
| 041 | 0 | |a gre | |
| 082 | 0 | |a 711.3094956 | |
| 110 | 2 | |a Ομάς Αρχιτεκτονικών και Οικιστικών Μελετών. | |
| 245 | 1 | 0 | |a Χαλκιδική : |b χωροταξική μελέτη : γ' φάση οριστική μελέτη |
| 260 | |a Αθήνα : |b Υπουργείο Συντονισμού και Προγραμματισμού, | ||
| 490 | 1 | |a Χωροταξικό σχέδιο και πρόγραμμα |v ; 8 | |
| 500 | |a Περιέχει χάρτες | ||
| 650 | 0 | |a Regional planning |z Greece |z Chalcidice Peninsula. | |
| 651 | 0 | |a Chalcidice Peninsula (Greece) | |
| 710 | 2 | |a Τεχνικό Γραφείο Μ. Δάλλα. | |
| 830 | 0 | |a Χωροταξικό σχέδιο και πρόγραμμα ; |v ; 8 | |
| 852 | |a INST |b LESVOS |e 19970326 |h 711.3094956 ΟΜΑ |p 005100002313 |q 005100002313 |t BK |y 0 | ||
| 852 | |a INST |b LESVOS |e 19950308 |h 711.3094956 ΟΜΑ |p 005100002633 |q 005100002633 |t BK |y 0 | ||
| 852 | |a INST |b LESVOS |e 19970326 |h 711.3094956 ΟΜΑ |p 005100011703 |q 005100011703 |t BK |y 0 | ||
| 852 | |a INST |b LESVOS |e 19970326 |h 711.3094956 ΟΜΑ |p 005100011704 |q 005100011704 |t BK |y 0 | ||
| 852 | |a INST |b LESVOS |e 19970326 |h 711.3094956 ΟΜΑ |p 005100011819 |q 005100011819 |t BK |y 0 | ||
| 852 | |a INST |b LESVOS |e 19970326 |h 711.3094956 ΟΜΑ |p 005100011820 |q 005100011820 |t BK |y 0 | ||
| 909 | |a Λ |b 013877 | ||